Поглощенная доза в ткани от слоя гадолиния, облучаемого нейтронами; Атомная энергия; Т. 96, вып. 6

Detalhes bibliográficos
Parent link:Атомная энергия: теоретический и научно-технический журнал/ Российская академия наук ; Министерство РФ по атомной энергии, ядерного общества.— , 1956-.— 0004-7163
Т. 96, вып. 6.— 2004.— с. 469-471
Outros Autores: Клыков С. А., Ульяненко С. Е., Матусевич Е. С., Кураченко Ю. А., Дулин В. А.
Idioma:russo
Publicado em: 2004
Colecção:Статьи
Assuntos:
Formato: MixedMaterials Capítulo de Livro
KOHA link:https://koha.lib.tpu.ru/cgi-bin/koha/opac-detail.pl?biblionumber=426077

MARC

LEADER 00000naa2a2200000 4500
001 426077
005 20231101074503.0
035 |a (RuTPU)RU\TPU\prd\84751 
035 |a RU\TPU\prd\30159 
090 |a 426077 
100 |a 20100628a2004 k y0rusy50 ca 
101 0 |a rus 
102 |a RU 
200 1 |a Поглощенная доза в ткани от слоя гадолиния, облучаемого нейтронами  |f С. А. Клыков, С. Е. Ульяненко, Е. С. Матусевич и др. 
225 1 |a Статьи 
320 |a Библиогр.: 11 назв. 
461 1 |0 (RuTPU)RU\TPU\prd\33  |x 0004-7163  |t Атомная энергия  |o теоретический и научно-технический журнал  |f Российская академия наук ; Министерство РФ по атомной энергии, ядерного общества  |d 1956- 
463 1 |0 (RuTPU)RU\TPU\prd\84741  |t Т. 96, вып. 6  |v с. 469-471  |d 2004 
610 1 |a сцинтилляционные детекторы 
610 1 |a электроны 
610 1 |a утечка 
610 1 |a гадолиний 
610 1 |a тепловые нейтроны 
610 1 |a термолюминесцентные дозиметры 
610 1 |a атомные реакторы 
675 |a 539.125.5  |v 3 
675 |a 616-073.916  |v 3 
701 1 |a Клыков  |b С. А. 
701 1 |a Ульяненко  |b С. Е. 
701 1 |a Матусевич  |b Е. С. 
701 1 |a Кураченко  |b Ю. А. 
701 1 |a Дулин  |b В. А. 
801 1 |a RU  |b 63413507  |c 20041122  |g PSBO 
801 2 |a RU  |b 63413507  |c 20100628  |g PSBO 
942 |c BK